| 000 | 00759cam a2200205 a 4500 | ||
|---|---|---|---|
| 001 | 000012616 | ||
| 005 | 20250606093706.0 | ||
| 008 | 810311s1967 mx a 001 0 spa | ||
| 040 |
_aDO-SdBNP _cCarP _dDLC |
||
| 082 |
_a371.26 _bH663a |
||
| 100 | 1 |
_aHinojosa, Armando _929342 |
|
| 245 | 1 | 0 |
_aAnálisis psicológico del estudiante universitario : _buna técnica para el estudio dinámico del carácter / _cArmando Hinojosa, Adriana Casio Pascal. |
| 260 |
_aMéxico, : _bPrensa Médica Mexicana, _c1967. |
||
| 300 |
_a412 p. : _bil. ; _c22 cm. |
||
| 650 | 0 |
_aEvaluación educativa _917494 |
|
| 650 | 4 |
_aMediciones y pruebas educativas _92223 |
|
| 700 | 1 |
_aCosio Pascal, Adriana _ejoint author. _929343 |
|
| 910 | _aCatalogación por copia / LC | ||
| 049 | _aBNGR | ||
| 999 |
_c12271 _d12271 |
||